[Event "Vall del Tenes op 8th"]
[Site "Vall del Tenes"]
[Date "2019.05.31"]
[Round "5"]
[White "Flores Munoz, Daniel"]
[Black "Nicolas Vallellano, Emiliano"]
[Result "0-1"]
[WhiteElo "1542"]
[BlackElo "1789"]
[PlyCount "80"]
[EventDate "2019.04.26"]
[EventType "swiss"]
[EventRounds "8"]
[EventCountry "ESP"]
[SourceTitle "EXT 2020"]
[Source "ChessBase"]
[SourceDate "2019.10.17"]
[SourceVersion "1"]
[SourceVersionDate "2019.10.17"]
[SourceQuality "1"]

1. d4 d5 2. e4 Nc6 3. e5 Bf5 4. c3 e6 5. Nf3 Na5 6. Bd3 Ne7 7. Bg5 Bxd3 8. Qxd3 Qd7 9. Nbd2 Ng6 10. 0-0 h6 11. Be3 b6 12. h3 Be7 13. Nh2 c5 14. f4 Rc8 15. f5 exf5 16. Qxf5 Qxf5 17. Rxf5 Nh4 18. Rff1 g6 19. dxc5 Nf5 20. Bf2 bxc5 21. Ng4 d4 22. cxd4 cxd4 23. Ne4 0-0 24. Ngf6+ Kg7 25. g4 Ne3 26. Bxe3 dxe3 27. Rfe1 Nc4 28. Nd5 Bh4 29. Re2 Rfe8 30. b3 Rxe5 31. Ndc3 Na3 32. Rd1 Bf2+ 33. Nxf2 Rxc3 34. Nh1 h5 35. Ng3 hxg4 36. hxg4 Rg5 37. Rg2 Rxg4 38. Re1 f5 39. Ree2 Rc1+ 40. Nf1 Rf4 0-1

[Event "Vall del Tenes op 2nd"]
[Site "Vall del Tenes"]
[Date "2013.05.24"]
[Round "7"]
[White "Mas Sayos, Lluis"]
[Black "Nicolas Vallellano, Emiliano"]
[Result "0-1"]
[WhiteElo "1747"]
[BlackElo "1865"]
[PlyCount "70"]
[EventDate "2013.04.05"]
[EventType "swiss"]
[EventRounds "8"]
[EventCountry "ESP"]
[SourceTitle "EXT 2014"]
[Source "ChessBase"]
[SourceDate "2013.11.20"]
[SourceVersion "1"]
[SourceVersionDate "2013.11.20"]
[SourceQuality "1"]

1. c4 Nf6 2. Nf3 g6 3. Nc3 Bg7 4. d4 c5 5. e4 cxd4 6. Nxd4 d6 7. Be2 Bg4 8. f3 Bd7 9. Be3 0-0 10. Qd2 Nh5 11. g4 e5 12. Nf5 Bxf5 13. gxh5 Be6 14. 0-0-0 Nc6 15. h6 Bf6 16. Nd5 Bxd5 17. Qxd5 Bg5 18. Qd2 Bxe3 19. Qxe3 Nd4 20. h4 Qa5 21. Kb1 Rac8 22. h5 Rc6 23. hxg6 fxg6 24. b3 b5 25. cxb5 Rc2 26. a4 Rxe2 27. Qc1 Rc2 28. Qe3 Qc3 29. Qxc3 Rxc3 30. Ka2 Rfxf3 31. Rc1 Rf2+ 32. Ka1 Rxc1+ 33. Rxc1 Nxb3+ 34. Kb1 Nxc1 35. Ka1 Ra2+ 0-1